<?xml version="1.0" encoding="UTF-8"?>
<record
    xmlns:xsi="http://www.w3.org/2001/XMLSchema-instance"
    xsi:schemaLocation="http://www.loc.gov/MARC21/slim http://www.loc.gov/standards/marcxml/schema/MARC21slim.xsd"
    xmlns="http://www.loc.gov/MARC21/slim">

  <leader>01063nam a2200253 a 4500</leader>
  <controlfield tag="001">BRCA_6404</controlfield>
  <controlfield tag="005">20190320205436.0</controlfield>
  <controlfield tag="008">080911s1969----gw-a######---#000-0#ger-#</controlfield>
  <datafield tag="041" ind1=" " ind2=" ">
    <subfield code="a">ger</subfield>
  </datafield>
  <datafield tag="044" ind1=" " ind2=" ">
    <subfield code="a">gw</subfield>
  </datafield>
  <datafield tag="050" ind1=" " ind2="4">
    <subfield code="a">N8640</subfield>
    <subfield code="b">.A95 1969</subfield>
  </datafield>
  <datafield tag="245" ind1="1" ind2="0">
    <subfield code="a">Auktion 164. AM29. UND30. MAI 1969</subfield>
    <subfield code="b">I. Wertvolle B&#xFC;cher Autographen. II. Die Bibliothek Carl Merck.</subfield>
  </datafield>
  <datafield tag="260" ind1=" " ind2=" ">
    <subfield code="a">Hamburgo, Alemania</subfield>
    <subfield code="b">Dr. Ernst Hauswedell</subfield>
    <subfield code="c">1969</subfield>
  </datafield>
  <datafield tag="300" ind1=" " ind2=" ">
    <subfield code="a">194 p.</subfield>
    <subfield code="b">il.</subfield>
    <subfield code="c">24 cm.</subfield>
    <subfield code="e">hoja de &#xF3;rdenes para la adquisici&#xF3;n de un libro por Franz Mayer</subfield>
  </datafield>
  <datafield tag="500" ind1=" " ind2=" ">
    <subfield code="a">Besichtigung in Hamburg: Freitag, 23. und Dienstag, 27. Mai, 10-15 Uhr Mittwoch, 28. Mai 10-15 Uhr (nur f&#xFC;r Ausw&#xE4;rtige)</subfield>
  </datafield>
  <datafield tag="500" ind1=" " ind2=" ">
    <subfield code="a">Hay t&#xED;tulos de libros seleccionados (por medio de una l&#xED;nea) por Franz Mayer</subfield>
  </datafield>
  <datafield tag="500" ind1=" " ind2=" ">
    <subfield code="a">Cat&#xE1;logo de subasta inventariado por Banco de M&#xE9;xico como libro</subfield>
  </datafield>
  <datafield tag="500" ind1=" " ind2=" ">
    <subfield code="a">CDE19</subfield>
  </datafield>
  <datafield tag="610" ind1="2" ind2="4">
    <subfield code="a">Dr. Ernst Hauswedell</subfield>
    <subfield code="v">Cat&#xE1;logos</subfield>
    <subfield code="9">16015</subfield>
  </datafield>
  <datafield tag="650" ind1="1" ind2="4">
    <subfield code="a">Libros antiguos</subfield>
    <subfield code="v">Subastas</subfield>
    <subfield code="x">Cat&#xE1;logos</subfield>
    <subfield code="9">16016</subfield>
  </datafield>
  <datafield tag="650" ind1="1" ind2="4">
    <subfield code="a">Grabados</subfield>
    <subfield code="v">Subastas</subfield>
    <subfield code="x">Cat&#xE1;logos</subfield>
    <subfield code="9">16017</subfield>
  </datafield>
  <datafield tag="902" ind1=" " ind2=" ">
    <subfield code="a">GFM</subfield>
  </datafield>
  <datafield tag="942" ind1=" " ind2=" ">
    <subfield code="2">lcc</subfield>
    <subfield code="c">B</subfield>
  </datafield>
  <datafield tag="999" ind1=" " ind2=" ">
    <subfield code="c">6089</subfield>
    <subfield code="d">6089</subfield>
  </datafield>
  <datafield tag="952" ind1=" " ind2=" ">
    <subfield code="0">0</subfield>
    <subfield code="1">0</subfield>
    <subfield code="4">0</subfield>
    <subfield code="7">0</subfield>
    <subfield code="a">BRCA</subfield>
    <subfield code="b">BRCA</subfield>
    <subfield code="d">2011-09-08</subfield>
    <subfield code="i">CDE19</subfield>
    <subfield code="l">0</subfield>
    <subfield code="o">N8640 .A95 1969 (CDE19)</subfield>
    <subfield code="p">6851</subfield>
    <subfield code="r">2019-03-22 00:00:00</subfield>
    <subfield code="w">2019-03-22</subfield>
    <subfield code="y">B</subfield>
  </datafield>
</record>
